000 01510nam a2200205Ia 4500
008 220216s9999 xx 000 0 und d
100 _aAustrell P E
245 0 _aTwo-dimensiional elastic contact model for rubber covered rollers
260 _bPlastics,Rubber and Composites
_c2013
300 _a269-275
520 _aA model for the contact between a rubber covered roller and a rigid roller was developed using analytical functions.The model,being two-dimensional,connects the line load,geometric properties(roller radii,rubber thickness)and the shear modulus of the rubber to nip properties in the roller contact.The output from the model is the indentation of the rigid roller into thr rubber,the nip maximum pressure,the nip width and the surface strain in the centre of the nip.Moreover,the shape of the pressure distribution is also given as an analytical expression.The basic assumption relies on the work of Parish(-58and-61),but a developement of this work was performed,showing the influence of the rubber shear modulus and also how the surface strain in the nip can be described.The functional relatiionships are based on least squares fitting of analytical functions,depending on two master variables,to a large number of infinite element analysis results.
650 _aAnalytical expressions
650 _aContact
650 _aFit to FE-results
650 _aNip properties
650 _apressure profile
650 _arubber covered rollers
700 _aOlsson A K
942 _cJS
999 _c71625
_d71625